| 000 | 01052nam a2200229Ii 4500 | ||
|---|---|---|---|
| 003 | JO-AjNU | ||
| 005 | 20260413092516.0 | ||
| 008 | 230605s9999||||xx |||||||||||||| ||und|| | ||
| 017 | _a1995/11/1237 | ||
| 040 |
_aJO-AjNU _bara _erda _cJO-AjNU |
||
| 041 | _aara | ||
| 050 | 1 | 4 | _aDS154.53.W37 1995 |
| 100 | 3 |
_aعبدالله بن الحسين بن علي، ملك الأردن، 1988 - 1951؛ اشراف البخيت، محمد عدنان، جمع وإعداد محمد عدنان البخيت، جمع وإعداد هند غسان أبو الشعر، جمع وإعداد نوفان رجا السوارية, _eauthor _953415 |
|
| 245 | 0 | 0 | _aمخرج / بموجب مستند اخراجات الكتب رقم 69 |
| 264 | 3 | 1 | _aالمفرق: جامعة ال البيت، 1995 |
| 300 | _aج6، 484ص | ||
| 336 |
_atext _btxt _2rdacontent |
||
| 337 |
_aunmediated _bn _2rdamedia |
||
| 338 |
_avolume _bnc _2rdacarrier |
||
| 650 | 4 |
_aالاردن - تاريخ - الملك عبدالله بن الحسين الاول - فلسطين _953416 |
|
| 942 |
_2lcc _cREF |
||
| 999 |
_c27288 _d27288 |
||